| 000 | 00419nam a22001697a 4500 | ||
|---|---|---|---|
| 999 |
_c2949 _d2906 |
||
| 008 | 170612b xxu||||| |||| 00| | tur d | ||
| 020 | _a9789752896703 | ||
| 041 | _atur | ||
| 050 | _aPL248.T46 | ||
| 100 |
_9244 _aTemelkuran, Ece |
||
| 245 | _aMuz Sesleri | ||
| 250 | _a1. Baskı | ||
| 260 |
_aİstanbul _bEverest Yayınları _cOcak 2000 |
||
| 300 | _a277 sayfa | ||
| 650 | 0 |
_9145 _aTürk Edebiyatı |
|
| 942 |
_2lcc _cBK |
||